MARC

LEADER 00000nam0a2200000 4500
001 365614
005 20231102011812.0
035 |a (RuTPU)RU\TPU\retro\22977 
090 |a 365614 
100 |a 20220114d1981 m y0rusy50 ca 
101 0 |a rus 
102 |a RU 
105 |a a j 001zy 
200 1 |a Источниковедение Древнего Рима  |e учебное пособие для вузов  |f А. Г. Бокщанин 
210 |a Москва  |c Изд-во МГУ  |d 1981 
215 |a 160 с.  |c ил. 
320 |a Библиогр.: с. 151-154 
606 1 |a Рим Древний  |x История  |x Источники и источниковедение  |2 stltpush  |3 (RuTPU)RU\TPU\subj\58966  |9 76640 
610 1 |a учебные пособия 
610 1 |a источники 
610 1 |a Италия 
610 1 |a материальная культура 
610 1 |a памятники 
610 1 |a письменные источники 
610 1 |a археологические памятники 
610 1 |a монеты 
610 1 |a римская республика 
610 1 |a историки 
610 1 |a научная литература 
610 1 |a ораторы 
686 |a Т390)323  |v LBC/SL-A  |2 rubbk 
700 1 |a Бокщанин  |b А. Г.  |g Анатолий Георгиевич 
801 1 |a RU  |b 63413507  |c 20220114 
801 2 |a RU  |b 63413507  |c 20230406  |g RCR 
942 |c BK